10 najbardziej dotkniętych krajów Covid-19 - 30 kwietnia - Statystyki

Ogólne statystyki
  • Ten quiz został rozwiązany 63 razy
  • Średni wynik to 8 z 15
Statystyki odpowiedzi
kraj % Poprawnych
Stany Zjednoczone
92%
Hiszpania
85%
Niemcy
82%
Włochy
80%
Francja
79%
Rosja
75%
Wielka Brytania
67%
Brazylia
49%
Iran
41%
Turcja
38%
Belgia
36%
Szwajcaria
30%
Irlandia
21%
Katar
2%
Singapur
2%
Nie znaleziono quizów pasujących do podanych kryteriów
Rozkład punktacji
Procent ludzi z każdym wynikiem
Percentyl według liczby udzielonych odpowiedzi
Twoja historia wyników
Nie rozwiązałeś tego quizu